[Event "Mittelfranken-chTB2a 1314"]
[Site "Mittelfranken"]
[Date "2013.12.01"]
[Round "3.6"]
[White "Bischoff, Hermann"]
[Black "Sandner, Andreas"]
[Result "0-1"]
[WhiteElo "1762"]
[BlackElo "1858"]
[PlyCount "96"]
[EventDate "2013.10.20"]
[EventType "team-tourn"]
[EventRounds "9"]
[EventCountry "GER"]
[SourceTitle "EXT 2020"]
[Source "ChessBase"]
[SourceDate "2019.10.17"]
[SourceVersion "1"]
[SourceVersionDate "2019.10.17"]
[SourceQuality "1"]
[WhiteTeam "Nuernberg NT V"]
[BlackTeam "Bechhofen II"]
[WhiteTeamCountry "GER"]
[BlackTeamCountry "GER"]

1. e4 c6 2. d4 d5 3. Nc3 dxe4 4. Nxe4 Bf5 5. Ng3 Bg6 6. Nf3 Nd7 7. Bc4 Ngf6 8. 0-0 e6 9. c3 Be7 10. Re1 0-0 11. Nh4 Nd5 12. Nxg6 hxg6 13. Bb3 N7f6 14. Qf3 b5 15. Ne4 Nxe4 16. Qxe4 Rc8 17. a4 b4 18. Qf3 a5 19. c4 Nb6 20. Be3 c5 21. Rad1 cxd4 22. Bxd4 Qc7 23. Rc1 Rfd8 24. Be3 Nd7 25. Bf4 Qa7 26. Bd1 Nc5 27. Bc2 b3 28. Bb1 Qd7 29. Rcd1 Qxa4 30. Qc3 Bf6 31. Rxd8+ Rxd8 32. Be5 Bxe5 33. Qxe5 Qc6 34. h3 a4 35. Qg5 Qd6 36. h4 Qd2 37. Qe5 Qd4 38. Qc7 Rd7 39. Qc8+ Rd8 40. Qc7 Qd6 41. Qa5 Qd2 42. Qc7 Qxe1+ 43. Kh2 Qd1 44. Qxc5 Qxb1 45. Qg5 Qd3 46. Qa5 Qd6+ 47. Kg1 a3 48. c5 Qd1+ 0-1

[Event "Mittelfranken-chTB2b 1213"]
[Site "Germany"]
[Date "2012.12.02"]
[Round "4.7"]
[White "Kittsteiner, Peter"]
[Black "Bischoff, Hermann"]
[Result "1/2-1/2"]
[WhiteElo "1832"]
[BlackElo "1790"]
[PlyCount "64"]
[EventDate "2012.10.07"]
[EventType "team-tourn"]
[EventRounds "9"]
[EventCountry "GER"]
[SourceTitle "EXT 2019"]
[Source "ChessBase"]
[SourceDate "2018.10.10"]
[SourceVersion "1"]
[SourceVersionDate "2018.10.10"]
[SourceQuality "1"]
[WhiteTeam "Buechenbach/Roth II"]
[BlackTeam "Nuernberg NT IV"]
[WhiteTeamCountry "GER"]
[BlackTeamCountry "GER"]

1. e4 e5 2. Nf3 Nc6 3. Bc4 Bc5 4. d3 d6 5. h3 h6 6. Nc3 Nf6 7. 0-0 0-0 8. Na4 Bb6 9. Nxb6 axb6 10. a3 Qe7 11. Nh2 Be6 12. Bxe6 Qxe6 13. f4 exf4 14. Bxf4 Ne7 15. Nf3 Ng6 16. Nd4 Qe7 17. Bd2 d5 18. Nf5 Qe6 19. exd5 Nxd5 20. Qf3 Kh7 21. Rae1 Qd7 22. Qh5 Nf6 23. Qf3 Ng8 24. Qg3 Rae8 25. Rxe8 Rxe8 26. Bc3 f6 27. h4 Qf7 28. Qf3 N8e7 29. Nxe7 Nxe7 30. Re1 Nc6 31. Kf2 Rxe1 32. Kxe1 Qe6+ 1/2-1/2

[Event "Mittelfranken-chTB2b 1011"]
[Site "Germany"]
[Date "2011.05.15"]
[Round "9.7"]
[White "Bischoff, Hermann"]
[Black "Schoenberger, Rudolf"]
[Result "1-0"]
[WhiteElo "1791"]
[BlackElo "1590"]
[PlyCount "51"]
[EventDate "2010.09.26"]
[EventType "team-tourn"]
[EventRounds "9"]
[EventCountry "GER"]
[SourceTitle "EXT 2012"]
[Source "ChessBase"]
[SourceDate "2011.11.24"]
[SourceVersion "1"]
[SourceVersionDate "2011.11.24"]
[SourceQuality "1"]
[WhiteTeam "Nuernberg NT IV"]
[BlackTeam "Buechenbach/Roth II"]
[WhiteTeamCountry "GER"]
[BlackTeamCountry "GER"]

1. e4 c5 2. d4 cxd4 3. c3 dxc3 4. Nxc3 Nc6 5. Nf3 d6 6. Bc4 Nf6 7. e5 Ng4 8. e6 Bxe6 9. Bxe6 fxe6 10. Ng5 Nf6 11. Nxe6 Qd7 12. Nf4 Qg4 13. f3 Qf5 14. 0-0 e5 15. Nfd5 0-0-0 16. Be3 Nxd5 17. Qxd5 Kb8 18. Rac1 Be7 19. Nb5 Qd7 20. Rc4 a6 21. Nc3 Rc8 22. Rc1 Na7 23. Na4 Qb5 24. Qf7 Qe8 25. Qe6 d5 26. Qxe5+ 1-0

[Event "Mittelfranken-chTB2b 1011"]
[Site "Germany"]
[Date "2011.02.13"]
[Round "6.6"]
[White "Bischoff, Hermann"]
[Black "Gstaltmeyr, Karl"]
[Result "1-0"]
[WhiteElo "1791"]
[BlackElo "1806"]
[PlyCount "145"]
[EventDate "2010.09.26"]
[EventType "team-tourn"]
[EventRounds "9"]
[EventCountry "GER"]
[SourceTitle "EXT 2012"]
[Source "ChessBase"]
[SourceDate "2011.11.24"]
[SourceVersion "1"]
[SourceVersionDate "2011.11.24"]
[SourceQuality "1"]
[WhiteTeam "Nuernberg NT IV"]
[BlackTeam "Schwanstetten"]
[WhiteTeamCountry "GER"]
[BlackTeamCountry "GER"]

1. e4 e5 2. Nf3 Nc6 3. Bb5 a6 4. Ba4 b5 5. Bb3 Be7 6. c3 Nf6 7. Qe2 d6 8. d3 Na5 9. Bc2 Bd7 10. Nbd2 c6 11. Nf1 Qc7 12. Ng3 h5 13. Bg5 g6 14. 0-0 Ng8 15. Qd2 Nb7 16. h4 f6 17. Be3 Nd8 18. d4 Nf7 19. a4 Ngh6 20. axb5 cxb5 21. dxe5 dxe5 22. Bb3 Ng4 23. Qd5 0-0 24. Bc1 Bc6 25. Qd3 Kg7 26. Nh2 Nxh2 27. Kxh2 Nd6 28. f4 Qb7 29. Bc2 Rad8 30. Qe2 exf4 31. Bxf4 Nf7 32. Rf3 Bd6 33. Nxh5+ gxh5 34. Rg3+ Ng5 35. Bxd6 Rxd6 36. hxg5 fxg5 37. Rxg5+ Rg6 38. Rxh5 Qb8+ 39. Kh1 Qb6 40. Rf1 Rxf1+ 41. Qxf1 Qe3 42. Qf3 Qc1+ 43. Qd1 Qxd1+ 44. Bxd1 Bxe4 45. Bf3 Bxf3 46. gxf3 Rd6 47. Rh2 Kg6 48. Kg2 Kg5 49. Kg3 Rd3 50. Re2 Rd1 51. Kf2 Kf5 52. Ke3 Rd8 53. Rd2 Re8+ 54. Kf2 Rh8 55. b4 Rc8 56. Rd3 Kf4 57. Ke2 Re8+ 58. Kd2 Re6 59. Kc2 Re2+ 60. Kb3 Re6 61. c4 bxc4+ 62. Kxc4 Rc6+ 63. Kd5 Rb6 64. Kc5 Rb5+ 65. Kc4 Rb6 66. Ra3 Ke5 67. Kb3 Kd4 68. Ka4 Kc4 69. Rb3 Rb5 70. Rb1 Rf5 71. Rc1+ Kd4 72. Rc6 Kd5 73. Rc5+ 1-0

[Event "Mittelfranken-chTB2a 0910"]
[Site "Mittelfranken"]
[Date "2010.01.10"]
[Round "5.7"]
[White "Bischoff, Hermann"]
[Black "Lange, Carsten"]
[Result "0-1"]
[WhiteElo "1830"]
[BlackElo "1860"]
[PlyCount "58"]
[EventDate "2009.10.11"]
[EventType "team-tourn"]
[EventRounds "9"]
[EventCountry "GER"]
[SourceTitle "EXT 2011"]
[Source "ChessBase"]
[SourceDate "2010.11.26"]
[SourceVersion "1"]
[SourceVersionDate "2010.11.26"]
[SourceQuality "1"]
[WhiteTeam "Nuernberg NT V"]
[BlackTeam "Zirndorf II"]
[WhiteTeamCountry "GER"]
[BlackTeamCountry "GER"]

1. e4 c5 2. Nc3 Nc6 3. d3 g6 4. g3 Bg7 5. Bg2 d6 6. Nge2 Rb8 7. 0-0 b5 8. a3 a5 9. Nd5 b4 10. a4 Bd7 11. Rb1 Nh6 12. b3 0-0 13. Bb2 Nd4 14. Ne3 e6 15. f4 f5 16. Nc4 Qc7 17. Nxd4 cxd4 18. Qe2 e5 19. Bc1 Rbe8 20. Qf3 Bc6 21. Qd1 fxe4 22. dxe4 Bxa4 23. fxe5 dxe5 24. Rxf8+ Rxf8 25. Nxe5 Bxb3 26. cxb3 Qxe5 27. Bf4 Qe6 28. Ra1 d3 29. Rxa5 Qb6+ 0-1